000 00631cam a2200217 4500500
005 20260405003205.0
041 _afre
042 _adc
100 1 0 _aN’Diaye, Aïda
_eauthor
245 0 0 _aNouvelles Complètes (2 tomes)
260 _c2020.
500 _a85
690 _aDystopie
690 _aMétaphysique
690 _aPhilip K. Dick
690 _aPouvoir
690 _aRéalité
690 _aScience-fiction
786 0 _nPhilosophie magazine | 145 | 1 | 2020-12-01 | p. 91-91 | 1951-1787
856 4 1 _uhttps://shs.cairn.info/magazine-philosophie-magazine-2020-12-1-page-91?lang=fr&redirect-ssocas=7080
999 _c2065182
_d2065182